[Event "Titled Tuesday intern op 19th Dec Early"]
[Site "Chess.com INT"]
[Date "2023.12.19"]
[Round "1"]
[White "Klimkowski, Jan"]
[Black "Spichkin, Alexander"]
[Result "1-0"]
[WhiteElo "2530"]
[BlackElo "2035"]
[PlyCount "101"]
[EventDate "2023.12.19"]
[EventType "swiss (blitz)"]
[EventRounds "11"]
[EventCountry "USA"]
[SourceTitle "CB52_2023"]
[SourceDate "2023.12.27"]
[SourceVersion "1"]
[SourceVersionDate "2023.12.27"]
[SourceQuality "1"]

1. e4 e5 2. Nf3 d5 3. Nxe5 Bd6 4. d4 dxe4 5. Bf4 Nf6 6. Nc3 0-0 7. Bc4 a6 8. a4 b6 9. 0-0 Bb7 10. Bg5 Be7 11. Re1 Nc6 12. Nxc6 Bxc6 13. d5 Bxd5 14. Nxd5 Nxd5 15. Bxd5 Bxg5 16. Bxa8 Qxa8 17. Qg4 Bf6 18. Qxe4 Bxb2 19. Rad1 Qc8 20. Qc6 Ba3 21. Re4 Bd6 22. g3 Qf5 23. Re8 g6 24. Rde1 Qa5 25. R1e4 Qd2 26. h4 h5 27. Re2 Qd4 28. R8e4 Qd1+ 29. Kg2 Qa1 30. Qc4 Qa3 31. Qxa6 Kg7 32. Re8 Qa2 33. Qb5 Rxe8 34. Qxe8 Qc4 35. Qe4 Qc3 36. Re3 Qa5 37. Qd4+ Kg8 38. Re8+ Bf8 39. Rc8 Qe1 40. Rxc7 Bg7 41. Qd5 Qe8 42. Rd7 Kh7 43. Qxf7 Qe5 44. Qxg7+ Qxg7 45. Rxg7+ Kxg7 46. Kf3 Kf6 47. Ke4 Ke6 48. f3 Kd6 49. Kd4 Ke6 50. c4 Kd6 51. g4 1-0

[Event "Titled Tuesday intern op 12th Dec Early"]
[Site "Chess.com INT"]
[Date "2023.12.12"]
[Round "6"]
[White "Spichkin, Alexander"]
[Black "Cardozo Munar, Carlos Eduardo"]
[Result "1-0"]
[WhiteElo "2035"]
[BlackElo "2043"]
[PlyCount "125"]
[EventDate "2023.12.12"]
[EventType "swiss (blitz)"]
[EventRounds "11"]
[EventCountry "USA"]
[SourceTitle "CB51_2023"]
[SourceDate "2023.12.20"]
[SourceVersion "1"]
[SourceVersionDate "2023.12.20"]
[SourceQuality "1"]

1. f4 d5 2. Nf3 h6 3. e3 g5 4. b3 Bg7 5. Nc3 Qd6 6. a4 c6 7. Ba3 Qc7 8. g3 Bg4 9. Be2 Nd7 10. 0-0 gxf4 11. exf4 h5 12. Nh4 Bf6 13. Bxg4 hxg4 14. Nf5 0-0-0 15. Qxg4 Nh6 16. Nxh6 Rxh6 17. Rae1 Rdh8 18. Re2 e6 19. Nd1 Bd4+ 20. Kh1 Nf6 21. Qf3 Rh3 22. Bb2 Bxb2 23. Nxb2 Ne4 24. Rg2 f5 25. Nd3 Qg7 26. Kg1 Nf6 27. Ne5 Ne4 28. d3 Nd6 29. a5 a6 30. Qe3 Nf7 31. Nf3 Kd7 32. Re1 Qf6 33. Nd4 R8h6 34. Nf3 Nd6 35. Qb6 R3h5 36. Rge2 Qf7 37. Ng5 Rxg5 38. fxg5 Rg6 39. h4 f4 40. Qf2 fxg3 41. Qxf7+ Nxf7 42. Kg2 e5 43. Kxg3 Ke6 44. Kg4 Rg8 45. Rf1 Nh6+ 46. Kh5 Nf5 47. Rxf5 Kxf5 48. Rf2+ Ke6 49. Kg4 e4 50. dxe4 dxe4 51. Kf4 Kd5 52. Rd2+ Kc5 53. Kxe4 Rh8 54. Rh2 Kd6 55. g6 Ke7 56. h5 Kf6 57. Kd4 Kg7 58. Kc5 Re8 59. Kb6 Re5 60. h6+ Kh8 61. g7+ Kh7 62. Rg2 Re8 63. Rf2 1-0

[Event "Titled Tuesday intern op 12th Dec Early"]
[Site "Chess.com INT"]
[Date "2023.12.12"]
[Round "1"]
[White "Spichkin, Alexander"]
[Black "Galchenko, Matvey"]
[Result "0-1"]
[WhiteElo "2035"]
[BlackElo "2438"]
[PlyCount "62"]
[EventDate "2023.12.12"]
[EventType "swiss (blitz)"]
[EventRounds "11"]
[EventCountry "USA"]
[SourceTitle "CB51_2023"]
[SourceDate "2023.12.20"]
[SourceVersion "1"]
[SourceVersionDate "2023.12.20"]
[SourceQuality "1"]

1. f4 b6 2. Nf3 Bb7 3. e3 g6 4. Be2 Bg7 5. 0-0 Nf6 6. d3 d5 7. Nc3 0-0 8. Qe1 c5 9. Qh4 Nc6 10. e4 dxe4 11. dxe4 Nd4 12. Bd1 Nxf3+ 13. Bxf3 Qd4+ 14. Kh1 Nxe4 15. Nxe4 Bxe4 16. Rd1 Qc4 17. f5 Rad8 18. Bg5 gxf5 19. Bh6 Qe6 20. Bxg7 Kxg7 21. Re1 Rd4 22. Bh5 Qf6 23. Qg3+ Kh8 24. c3 Rdd8 25. Rf1 Rg8 26. Qf2 Rxg2 27. Qxg2 Bxg2+ 28. Kxg2 Qg5+ 29. Bg4 Qxg4+ 30. Kh1 Rd2 31. Rg1 Qf3+ 0-1